Abbreviation Game: Americana (Ditloids) - Statistics

General Stats
  • This quiz has been taken 7 times
    6 since last reset
  • The average score is 11 of 22
Answer Stats
Hint Answer % Correct
50 S in the U 50 states in the union
100%
100 S 100 senators
83%
13 S on the U S F 13 stripes on the United States flag
83%
1776=D of I 1776 Declaration of Independence
83%
2 S from each S 2 senators from each state
83%
18 = A to V 18 age to vote
67%
1600 P A=A of the W H 1600 Pennsylvania Avenue, address of the White House
50%
16 = A to D a C 16 age to drive a car
50%
21 = A to B A 21 age to buy alcohol
50%
25 = A to R a C 25 age to rent a car
50%
3 L to get to the C of a T R T P 3 licks to get to the center of a Tootsie Roll Tootsie Pop
50%
435 M of C 435 members of Congress
50%
48 C S 48 contiguous states
50%
9 D in a S S N 9 digits in a Social Security number
50%
13 O C 13 original colonies
33%
5 G L 5 Great Lakes
33%
10 A in the B of R 10 amendments in the Bill of Rights
17%
10 D in a P N 10 digits in a phone number
17%
12+7+41=D T W L in I 12/7/1941 A day that will live in infamy
17%
5 D in a Z C 5 digits in a ZIP code
17%
8 S on a S S 8 sides on a stop sign
17%
9 J on the S C 9 justices on the Supreme Court
17%
No matching quizzes found
Score Distribution
Percent of People with Each Score
Percentile by Number Answered
Your Score History
You have not taken this quiz since the last reset